000 00561nam a2200181Ia 4500
003 GCL
008 140319s9999 xx 000 0 ara d
040 _aGCL /
_cGCL
082 0 4 _a810.93
_bم ح
100 1 _aمحمد عبدالمنعم خفاجى
245 1 0 _aالحياة الادبية: عصر بنى امية /
_cمحمد عبدالمنعم خفاجى
260 _a[S.N] :
_bدار الكتاب اللبنانى ،
_c1987
300 _a316 ص
490 _a
650 0 4 _aالادب العربى
650 0 4 _aتاريخ ونقد
942 _2ddc
_cBK
999 _c55299
_d55299